000 04088cam a2200361 4500500
005 20251228045517.0
041 _afre
042 _adc
100 1 0 _aLimam, Manel
_eauthor
700 1 0 _aAjmi, Thouraya
_eauthor
700 1 0 _aZedini, Chekib
_eauthor
700 1 0 _aKhelifi, Abdeljelil
_eauthor
700 1 0 _aMellouli, Menel
_eauthor
700 1 0 _aEl Ghardallou, Mariem
_eauthor
700 1 0 _aSahli, Jihène
_eauthor
700 1 0 _aKhairi, Hèdi
_eauthor
700 1 0 _aMtiraoui, Ali
_eauthor
245 0 0 _aÉtude des délais de traitement du cancer du sein à Sousse, Tunisie
260 _c2016.
500 _a39
520 _aObjectifs :  Étudier les délais de la première prise en charge thérapeutique des patientes opérées et suivies pour cancer du sein au service de gynécologie du CHU Farhat Hached de Sousse en 2013 et de déterminer les facteurs associés à ces délais. Méthodes : Il s’agit d’une étude descriptive rétrospective, effectuée sur les dossiers de patientes diagnostiquées, opérées et suivies pour un cancer du sein au Service de Gynécologie du CHU Farhat Hached de Sousse en 2013. Les délais étudiés sont : le délai global de première prise en charge thérapeutique (chirurgie ou chimiothérapie néo-adjuvante), le premier délai intermédiaire (le délai d’accès au diagnostic), le deuxième délai intermédiaire (le délai d’accès au premier traitement). Les délais sont présentés sous formes de médiane avec l’intervalle interquartile (IIQ). Résultats : L’échantillon était constitué de 213 femmes. Le délai médian d’accès au diagnostic était de 13 jours avec un IIQ de [4-34]. Si le premier traitement est chirurgical, le délai médian d’accès à l’acte chirurgical était de 35 jours avec un IIQ de [27-45,7]. S’il s’agit d’une chimiothérapie néo-adjuvante, le délai médian était de 62,5 jours avec un IIQ de [31-122]. Indépendamment de la nature du premier traitement, le délai médian d’accès au traitement était de 35 jours avec IIQ de [27-50]. Conclusion :  Il est capital de maîtriser les temps d’attente lors du parcours de soins, à la fois pour le succès du traitement et pour répondre aux besoins des malades.
520 _aStudy of breast cancer treatment waiting times in Sousse, Tunisia Objectives: To study the time to first treatment of patients operated and followed for breast cancer in the Farhat Hached University Hospital Gynaecology Department in Sousse in 2013 and to determine the factors associated with these waiting times. Methods: This was a retrospective descriptive study, performed on the records of patients operated and followed for breast cancer at the Farhat Hached University Hospital Gynaecology Department in Sousse in 2013. The following waiting times were studied: the overall time to first treatment (surgery or neoadjuvant chemotherapy), the first intermediate time (time to diagnosis), the second intermediate time (time to first treatment). These periods are expressed as median and the Interquartile Range (IQR). Results: The sample consisted of 213 women. The median time to diagnosis was 13 days with an IQR of [4-34]. When first-line treatment was surgical, the median time to surgery was 35 days with an IQR of [27-45.7]. In the case of neoadjuvant chemotherapy, the median time was 62.5 days with an IQR of [31-122]. Regardless of the nature of the first treatment, the median time to access to treatment was 35 days with an IQR of [27-50]. Conclusion: It is essential to reduce the waiting time during the care pathway to ensure successful treatment and to meet patients’ needs.
690 _acancer du sein
690 _adélai au traitement
690 _aqualité des soins
690 _aTunisie
690 _abreast cancer
690 _aquality of healthcare
690 _atime to treatment
690 _aTunisia
786 0 _nSanté Publique | 28 | 3 | 2016-06-08 | p. 331-340 | 0995-3914
856 4 1 _uhttps://stm.cairn.info/revue-sante-publique-2016-3-page-331?lang=fr&redirect-ssocas=7080
999 _c1578734
_d1578734